000 01172nam a22001937a 4500
003 OSt
005 20251120145719.0
008 251120b |||||||| |||| 00| 0 eng d
040 _cDCL
082 _a၂၉၄.၃၈၂၃၃၁
130 _aတိပိဋက။
_pသုတ္တန္တပိဋက။
_pသံယုတ္တနိကာယ။
_tသဂါထာဝဂ္ဂသံယုတ္တ၊
_lအဋ္ဌကထာ၊
_sနိဿယ။
245 _aသဂါထာဝဂ္ဂသံယုတ် အဋ္ဌကထာနိဿယ၊
_nဒုတိယတွဲ ၊
_bသဂါထာဝဂ္ဂသံယုတ် အဋ္ဌကထာနိဿယ /
_cဘဒ္ဒန္တဇာဂရမထေရ်။
250 _aဒုတိယအကြိမ်။
264 _aရန်ကုန် ၊
_bသာသနာရေးဦးစီး၊
_c၂၀၁၀။
300 _a၄၅၅ စာမျက်နှာ ၊
_c၂၆ စင်တီ။
650 _aသဂါထာဝဂ္ဂသံယုတ္တ
_vအဋ္ဌကထာ နိဿယ။
700 _aဇာဂရမထေရ်၊ ဘဒ္ဒန္တ
942 _2ddc
_cSHORT TERM
_n0
999 _c2547
_d2547